000 00687nam a22002417a 4500
001 BR9102180
003 BR-BrBNA
005 20230928093600.0
007 ta
008 230509b bl.||||| |||| 00| 0 por d
040 _aBR-BrBNA
_bpor
_cBiblioteca Nacional de Agricultura
041 _a(Por)
072 _aD50; N10
_b4690
090 _ 4690 BR9102180
110 1 _aCompanhia Brasileira de Armazenamento, Brasilia, DF (Brasil)
_92307
245 1 _aNormas de padronizacao tarifaria de unidades frigorificas
260 3 _aBrasilia, DF (Brasil):
_c1981.
300 _a35 p.
650 _aFRIGORIFICO
650 _aLEGISLACAO
909 _a202309
_bLucia
_c55
_dLucia Elande
942 _cBK
999 _c45832
_d45832